000 00629nam a2200193Ia 4500
003 GCL
008 140319s9999 xx 000 0 ara d
040 _aGCL /
_cGCL
082 0 4 _a155.24
_bم ا
100 1 _aمحمد احمد النابلسى
245 1 0 _aالاتصال الانسانى وعلم النفس /
_cمحمد احمد النابلسى
300 _a183 ص
490 _aسلسلة الكتاب النفسى
_v0
650 0 4 _aعلم النفس
650 0 4 _aالعلاقات الانسانية
650 0 4 _aعلم النفس الاجتماعى
650 0 4 _aعلم النفس - مذاهب
942 _2ddc
_cBK
999 _c45697
_d45697